000 00661nam a2200265Ia 4500
005 20260121171226.0
008 008 260114s9999 xx 000 0 eng d
020 _a9783030015084
037 _aEBOOK
040 _aCRL
040 _beng
040 _cCRL
041 _2eng
041 _aeng
084 _qCRL
100 _aMarzia Traverso, Luigia Petti, Alessandra Zamagni
_91073598
245 0 _aPerspectives on Social LCA
260 _bSpringer
260 _bSpringer
260 _c2020
856 _uhttps://link.springer.com/openurl?genre=book&isbn=978-3-030-01508-4
942 _cEBOOK
999 _c1639328
_d1639328